Translatologische Überlegungen

Translatológia ako vedný odbor. Analýza historických koreňov translatológie.

Gespeichert in:
Bibliographische Detailangaben
1. Verfasser: Seresová, Katarína, 1967-
Weitere Verfasser: Jurčáková, Edita
Format: Buchkapitel
Sprache:Deutsch
Schlagworte:
Tags: Tag hinzufügen
Keine Tags, Fügen Sie das erste Tag hinzu!

MARC

LEADER 00000naa$a2200000$$$4500
001 0273333
005 20240502074316.4
041 0 |a ger 
044 |a SK 
245 1 0 |a Translatologische Überlegungen  |c Katarína Seresová, Edita Jurčáková 
520 |a Translatológia ako vedný odbor. Analýza historických koreňov translatológie. 
610 2 0 |a história 
610 2 0 |a tlmočníctvo 
610 2 0 |a prekladateľstvo 
100 1 |a Seresová, Katarína, 1967- 
700 1 |a Jurčáková, Edita